<?xml version="1.0" encoding="UTF-8"?>
<record
    xmlns:xsi="http://www.w3.org/2001/XMLSchema-instance"
    xsi:schemaLocation="http://www.loc.gov/MARC21/slim http://www.loc.gov/standards/marcxml/schema/MARC21slim.xsd"
    xmlns="http://www.loc.gov/MARC21/slim">

  <leader>01011nam a2200277Ia 4500</leader>
  <controlfield tag="003">OSt</controlfield>
  <controlfield tag="005">20221007123421.0</controlfield>
  <controlfield tag="006">a|||||r|||| 00| 0 </controlfield>
  <controlfield tag="007">ta</controlfield>
  <controlfield tag="008">221006b        |||||||| |||| 00| 0 eng d</controlfield>
  <datafield tag="020" ind1=" " ind2=" ">
    <subfield code="a">8120302621 (pbk)</subfield>
    <subfield code="c">Rs.125.00</subfield>
  </datafield>
  <datafield tag="024" ind1=" " ind2=" ">
    <subfield code="a">11197</subfield>
  </datafield>
  <datafield tag="037" ind1=" " ind2=" ">
    <subfield code="b">Monika,</subfield>
    <subfield code="c">Textual</subfield>
  </datafield>
  <datafield tag="040" ind1=" " ind2=" ">
    <subfield code="a">PAPL</subfield>
    <subfield code="c">PAPL</subfield>
    <subfield code="b">eng</subfield>
  </datafield>
  <datafield tag="041" ind1=" " ind2=" ">
    <subfield code="2">eng</subfield>
    <subfield code="a">eng</subfield>
  </datafield>
  <datafield tag="082" ind1=" " ind2=" ">
    <subfield code="a">C:(B), L6</subfield>
  </datafield>
  <datafield tag="100" ind1=" " ind2=" ">
    <subfield code="a">Harper Charlie</subfield>
  </datafield>
  <datafield tag="245" ind1=" " ind2="0">
    <subfield code="a">Introduction to mathematical physics by Charlie Harper</subfield>
  </datafield>
  <datafield tag="260" ind1=" " ind2=" ">
    <subfield code="a">New</subfield>
    <subfield code="b">Delhi Prentice-Hall of India Pvt. Ltd.     </subfield>
    <subfield code="c">1976</subfield>
  </datafield>
  <datafield tag="300" ind1=" " ind2=" ">
    <subfield code="a">xvi, 301p</subfield>
    <subfield code="c">cm.</subfield>
  </datafield>
  <datafield tag="500" ind1=" " ind2=" ">
    <subfield code="a"> (Reprinted in 2003);  ; Bibliographical references 287-291p; Index 293-301p; ^n23/CSL/CARPA/2003-2004/974^d2003-11-06^mPurchase; ; 2003-04/510^b2003-11-24^c507^d2003-11-24^eRs.1,992.60^fMonika Book Distributors; ; 2003-01-19^bSB^c2003-01-19^dVinay</subfield>
  </datafield>
  <datafield tag="650" ind1=" " ind2=" ">
    <subfield code="a"> Mathematical</subfield>
  </datafield>
  <datafield tag="650" ind1=" " ind2=" ">
    <subfield code="a">Physics</subfield>
  </datafield>
  <datafield tag="942" ind1=" " ind2=" ">
    <subfield code="h">C:(B), L6</subfield>
    <subfield code="c">TEXL</subfield>
    <subfield code="2">CC</subfield>
  </datafield>
  <datafield tag="999" ind1=" " ind2=" ">
    <subfield code="c">1211840</subfield>
    <subfield code="d">1211840</subfield>
  </datafield>
  <datafield tag="952" ind1=" " ind2=" ">
    <subfield code="0">0</subfield>
    <subfield code="1">0</subfield>
    <subfield code="2">CC</subfield>
    <subfield code="4">0</subfield>
    <subfield code="7">0</subfield>
    <subfield code="a">PAPL</subfield>
    <subfield code="b">PAPL</subfield>
    <subfield code="d">2022-10-07</subfield>
    <subfield code="e">Monika,</subfield>
    <subfield code="l">0</subfield>
    <subfield code="o">C:(B) L6</subfield>
    <subfield code="p">PA0005434</subfield>
    <subfield code="r">2022-10-07 00:00:00</subfield>
    <subfield code="w">2022-10-07</subfield>
    <subfield code="y">TEXL</subfield>
  </datafield>
</record>
